000 00427nam a2200181Ia 4500
001 9996
005 20260306161759.0
008 260306t2016||||xx |||||||||||||| ||spa||
041 _aESP
082 _aPE 869.56
_bP75T
100 _aPollarolo, Giovanna
_eAUT
245 0 _aToda la culpa la tiene Mario
260 _c2016
300 _a153 páginas :
_c23 cm.
650 _aGEN
654 _aCHU
942 _cLIB
_dJUS
_fJUS
_2ddc
_n
999 _c9996
_d9996